<?xml version="1.0" encoding="UTF-8"?>
<record
    xmlns:xsi="http://www.w3.org/2001/XMLSchema-instance"
    xsi:schemaLocation="http://www.loc.gov/MARC21/slim http://www.loc.gov/standards/marcxml/schema/MARC21slim.xsd"
    xmlns="http://www.loc.gov/MARC21/slim">

  <leader>00563cam a22001693  4500</leader>
  <controlfield tag="001">tmp82011446 </controlfield>
  <controlfield tag="003">DLC</controlfield>
  <controlfield tag="005">20260227112752.0</controlfield>
  <controlfield tag="008">891002s1909    xx            000 0 eng  </controlfield>
  <datafield tag="010" ind1=" " ind2=" ">
    <subfield code="a">tmp82011446 </subfield>
  </datafield>
  <datafield tag="040" ind1=" " ind2=" ">
    <subfield code="a">DLC</subfield>
    <subfield code="c">CarP</subfield>
    <subfield code="d">DLC</subfield>
  </datafield>
  <datafield tag="050" ind1="0" ind2="0">
    <subfield code="a">TJ1218</subfield>
    <subfield code="b">.C7</subfield>
  </datafield>
  <datafield tag="100" ind1="1" ind2=" ">
    <subfield code="a">Colvin, Fred H.</subfield>
    <subfield code="q">(Fred Herbert),</subfield>
    <subfield code="d">1867-1965.</subfield>
  </datafield>
  <datafield tag="245" ind1="1" ind2="0">
    <subfield code="a">Engine lathe work :</subfield>
    <subfield code="b">practical suggestions which will give the young machinist or apprentice the foundation principles of engine lathe work  /</subfield>
    <subfield code="c">by Fred H. Colvin.</subfield>
  </datafield>
  <datafield tag="260" ind1=" " ind2=" ">
    <subfield code="a">[n. p.]</subfield>
    <subfield code="c">1909.</subfield>
  </datafield>
  <datafield tag="300" ind1=" " ind2=" ">
    <subfield code="a">1 v.</subfield>
    <subfield code="b">cm.</subfield>
  </datafield>
  <datafield tag="999" ind1=" " ind2=" ">
    <subfield code="c">91001</subfield>
    <subfield code="d">91001</subfield>
  </datafield>
</record>
